000 01481nam0a22003131 4500
001 rc\3369006
005 20260407124443.0
021 _aRU
_b[69-64433]
035 _a(NLR Aleph) 007446133
090 _a7167086
_c7167086
100 _a20130115d1969 |||y0rusy50 ca
101 0 _arus
102 _aRU
105 _ay ac |||||
200 1 _aИстория Воронежской областной партийной организации. 1892-1966 гг.
_eБиблиогр. указатель
_fВоронежское обл. упр. культуры. Обл. б-ка им. И.С. Никитина. Парт. архив Воронежского обкома КПСС
210 _aВоронеж
_cЦентр.-Чернозем. кн. изд-во
_d1969
215 _a96 с.
_d20
300 _aНа обороте тит. л. сост.: Р.Г. Демидов, А.С. Демидова, А.Ф. Власова, В.Г. Широкова
702 1 _aВласова
_bА.Ф.
_4220
702 1 _aШирокова
_bВ.Г.
_4220
702 1 _aДемидова
_bА.С.
_4220
702 1 _aДемидов
_bР.Г.
_gРудольф Георгиевич
_4220
712 0 2 _aВоронежская областная универсальная научная библиотека им. И. С. Никитина
_9427981
_3RU\NLR\AUTH\889965847
801 0 _aRU
_bNLR
_gpsbo
801 1 _aRU
_bELAR
_2rusmarc
852 _aNLR
_jС411-1-420/И-90
942 _cBOOK
980 _aNB